Advertising : (Record no. 1623)

MARC details
000 -LEADER
fixed length control field 00649cam a22002292 4500
001 - CONTROL NUMBER
control field 0000021040
003 - CONTROL NUMBER IDENTIFIER
control field OSt
005 - DATE AND TIME OF LATEST TRANSACTION
control field 20170526103626.0
008 - FIXED-LENGTH DATA ELEMENTS--GENERAL INFORMATION
fixed length control field 120109s xx 000 0 eng d
020 ## - INTERNATIONAL STANDARD BOOK NUMBER
International Standard Book Number 8131714140 :
Terms of availability KES 1,960
040 ## - CATALOGING SOURCE
Original cataloging agency KABU
Transcribing agency KABU
050 #0 - LIBRARY OF CONGRESS CALL NUMBER
Classification number HF5823
Item number .W45 2006
100 1# - MAIN ENTRY--PERSONAL NAME
Personal name Wells, William.
245 10 - TITLE STATEMENT
Title Advertising :
Remainder of title principles and practice /
Statement of responsibility, etc. William Wells, John Burnett, Sandra Moriarty.
250 ## - EDITION STATEMENT
Edition statement 7th ed.
260 ## - PUBLICATION, DISTRIBUTION, ETC. (IMPRINT)
Place of publication, distribution, etc. Delhi :
Name of publisher, distributor, etc. Pearson Educ.,
Date of publication, distribution, etc. 2006.
300 ## - PHYSICAL DESCRIPTION
Extent xxxi, 592 p.
650 #0 - SUBJECT ADDED ENTRY--TOPICAL TERM
Topical term or geographic name as entry element Advertising.
908 ## - PUT COMMAND PARAMETER (RLIN)
Put command parameter 120109
942 ## - ADDED ENTRY ELEMENTS (KOHA)
Source of classification or shelving scheme Library of Congress Classification
Koha item type General Collection
Holdings
Withdrawn status Lost status Source of classification or shelving scheme Not for loan Home library Current library Date acquired Total Checkouts Full call number Barcode Date last seen Date last checked out Copy number Price effective from Koha item type
    Library of Congress Classification   Kabarak, Main Campus Kabarak, Main Campus 21/10/2015 1 HF5823 .W45 2006 c. 1 20412 16/11/2022 31/10/2022 c.1 21/10/2015 General Collection
Designed with assistance from East African Informatics Ltd